Eastern Utah Libraries Catalog: Duchesne, Heber, Roosevelt, & Vernal

Las Vegas. Season three (Record no. 41127)

MARC details
000 -LEADER
fixed length control field 02384cgm a2200469Ka 4500
001 - CONTROL NUMBER
control field ocm71290033
003 - CONTROL NUMBER IDENTIFIER
control field OCoLC
005 - DATE AND TIME OF LATEST TRANSACTION
control field 20251209122018.0
007 - PHYSICAL DESCRIPTION FIXED FIELD--GENERAL INFORMATION
fixed length control field vd cvaizk
008 - FIXED-LENGTH DATA ELEMENTS--GENERAL INFORMATION
fixed length control field 060911p20062005cau--- vleng d
020 ## - INTERNATIONAL STANDARD BOOK NUMBER
International Standard Book Number 1417020822
028 42 - PUBLISHER NUMBER
Publisher number 30933
Source Universal
035 ## - SYSTEM CONTROL NUMBER
System control number (Sirsi) i9781417020829
040 ## - CATALOGING SOURCE
Original cataloging agency SDL
Transcribing agency SDL
Modifying agency UINTA
Description conventions rda
049 ## - LOCAL HOLDINGS (OCLC)
Holding library UCLB
092 ## - LOCALLY ASSIGNED DEWEY CALL NUMBER (OCLC)
Classification number 791.457
245 00 - TITLE STATEMENT
Title Las Vegas. Season three
Medium [videorecording] /
250 ## - EDITION STATEMENT
Edition statement Uncut & uncensored.
260 ## - PUBLICATION, DISTRIBUTION, ETC. (IMPRINT)
Place of publication, distribution, etc Universal City, CA :
Name of publisher, distributor, etc Universal,
Date of publication, distribution, etc 2006, c2005.
264 ## - Production, Publication, Distribution, Manufacture, and Copyright Notice.
Place of production, publication, distribution, manufacture Universal City, CA :
Name of producer, publisher, distributor, manufacturer created by Gary Scott Thompson ; Gary Scott Thompson Productions ; DreamWorks ; NBC Universal Television Studios.
Date of production, publication, distribution, manufacture, or copyr 2005
300 ## - PHYSICAL DESCRIPTION
Extent 5 videodiscs :
Other physical details sd., col. ;
Dimensions 4 3/4 in.
500 ## - GENERAL NOTE
General note Season three originally broadcast on television in 2005-2006.
500 ## - GENERAL NOTE
General note Special features: gag reel; In with the new.
505 00 - FORMATTED CONTENTS NOTE
Miscellaneous information Disc 1.
Title Viva Las Vegas ;
-- Fake the money and run ;
-- Double down, triple threat ;
-- Whatever happened to Seymour Magoon? --
Miscellaneous information Disc 2.
Title Big Ed De-Cline ;
-- Real McCoy ;
-- Everything old is you again ;
-- Bold, beautiful and blue ;
-- Mothwoman --
Miscellaneous information Disc 3.
Title For sail by owner ;
-- Down and dirty ;
-- Bait and switch ;
-- Bitch is back ;
-- And here's Mike with the weather --
Miscellaneous information Disc 4.
Title Urban legends ;
-- Coyote ugly ;
-- Lyle & substance ;
-- Like a virgin ;
-- Cash springs eternal --
Miscellaneous information Disc 5.
Title All quiet on the Montecito front ;
-- Chaos theory ;
-- Fidelity, security, delivery ;
-- Father of the bride (season finale).
511 1# - PARTICIPANT OR PERFORMER NOTE
Participant or performer note James Caan, Josh Duhamel, Nikki Cox, James Lesure, Vanessa Marcil, Molly Sims.
538 ## - SYSTEM DETAILS NOTE
System details note DVD, anamorphic widescreen presentation (1.78:1), Dolby Digital 5.1, region 1.
546 ## - LANGUAGE NOTE
Language note English with optional English or Spanish subtitles.
650 #0 - SUBJECT ADDED ENTRY--TOPICAL TERM
Topical term or geographic name as entry element Television programs.
9 (RLIN) 6163317
700 1# - ADDED ENTRY--PERSONAL NAME
Personal name Thompson, Gary Scott.
9 (RLIN) 73143
700 1# - ADDED ENTRY--PERSONAL NAME
Personal name Caan, James.
9 (RLIN) 60111
700 1# - ADDED ENTRY--PERSONAL NAME
Personal name Duhamel, Josh,
Dates associated with a name 1972-
9 (RLIN) 71497
700 1# - ADDED ENTRY--PERSONAL NAME
Personal name Cox, Nikki.
9 (RLIN) 6121695
700 1# - ADDED ENTRY--PERSONAL NAME
Personal name Lesure, James.
9 (RLIN) 6163318
700 1# - ADDED ENTRY--PERSONAL NAME
Personal name Marcil, Vanessa.
9 (RLIN) 6121697
700 1# - ADDED ENTRY--PERSONAL NAME
Personal name Sims, Molly.
9 (RLIN) 6121696
710 2# - ADDED ENTRY--CORPORATE NAME
Corporate name or jurisdiction name as entry element Gary Scott Thompson Productions.
9 (RLIN) 6163319
710 2# - ADDED ENTRY--CORPORATE NAME
Corporate name or jurisdiction name as entry element Dreamworks Pictures.
9 (RLIN) 64643
710 2# - ADDED ENTRY--CORPORATE NAME
Corporate name or jurisdiction name as entry element NBC Universal Television Studios.
9 (RLIN) 6163320
710 2# - ADDED ENTRY--CORPORATE NAME
Corporate name or jurisdiction name as entry element Universal Pictures (Firm)
9 (RLIN) 19584
730 04 - ADDED ENTRY--UNIFORM TITLE
Uniform title Las Vegas (Television program)
9 (RLIN) 73984
942 ## - ADDED ENTRY ELEMENTS (KOHA)
Koha item type Reference book
Source of classification or shelving scheme Dewey Decimal Classification
Holdings
Withdrawn status Lost status Source of classification or shelving scheme Materials specified (bound volume or other part) Damaged status Not for loan Collection code Home library Current library Shelving location Date acquired Source of acquisition Cost, normal purchase price Total Checkouts Total Renewals Full call number Barcode Date last seen Date checked out Cost, replacement price Price effective from Koha item type
    Dewey Decimal Classification .CIRCNOTE. 5 discs     Television Series Wasatch County Library Wasatch County Library Audio Visual Area 01/31/2020 Amazon 25.82 6 7 TV Series Las Vegas # 3 34301001675984 03/07/2024 01/11/2023 25.82 03/20/2020 DVD Series
This project was made possible through a grant from the Institute of Museum and Library Service administered by the Utah State Library Division.

Wasatch County Library

  • 465 East 1200 South, Heber City, Utah 84032
  • Phone 435-654-1511 | Fax 435-654-6456

Hours

  • Monday - Friday 9:30 AM - 8:00 PM
  • Saturday 9:30 AM - 1:30 PM
  • Closed Sundays and Holidays